Personnalités nées en Corse-du-Sud par images - Statistiques

Statistiques générales
  • Ce quiz a été pris 150 fois
  • Le résultat moyen est 4 sur 10
Statistiques - réponses
Par images Réponse % Correct
Napoléon Ier
98%
Alizée
77%
Yvan Colonna
64%
Rémy Cabella
52%
Tino Rossi
51%
Wahbi Khazri
47%
Claude Papi
28%
Marie-José Nat
13%
François Coty
8%
François-Xavier Ortoli
0%
Aucun quiz correspondant
Distribution des résultats
% des personnes avec chaque résultat
Percentile par nombre de réponses
Votre historique - résultats
Vous n’avez pas pris ce quiz